| 000 | 01087nam a2200277 i 4500 | ||
|---|---|---|---|
| 003 | EG-ScBUE | ||
| 005 | 20231127102351.0 | ||
| 008 | 110816s1955 le f 000 0 ara d | ||
| 040 |
_aEG-ScBUE _bara _erda _cEG-ScBUE _dEG-ScBUE |
||
| 082 | 0 | 4 |
_222 _a949.5 _bر س ت |
| 100 | 1 |
_926760 _aرستم، أسد، _d1897-1965، _eمؤلف. |
|
| 245 | 1 | 2 |
_aالروم في سياستهم وحضارتهم ودينهم وثقافتهم وصلاتهم بالعرب / _cللدكتور أسد رستم. |
| 250 | _aالطبعة الأولى. | ||
| 264 | 1 |
_aبيروت : _bدار المكشوف، _c1955. |
|
| 300 |
_a2 جزء ؛ _c24 سم |
||
| 336 |
_2rdacontent _aنص _btxt |
||
| 337 |
_aبدون وسيط _2rdamedia _bn |
||
| 338 |
_aمجلد _bnc _2rdacarrier |
||
| 504 | _aيشتمل على إرجاعات ببليوجرافية. | ||
| 505 | 0 | _aالجزء الأول -- الجزء الثاني. | |
| 650 | 7 |
_aالعرب و الروم. _2BUEsh |
|
| 650 | 7 |
_aالإمبراطورية البيزنطية. _2BUEsh |
|
| 653 | _cAugust2011 | ||
| 655 | _vReading book | ||
| 942 |
_2ddc _cBB |
||
| 999 |
_c15857 _d15857 |
||